000 01146nam0a22002891 4500
001 rc\590437
005 20250621174531.0
035 _a(NLR Aleph) 005835668
090 _a5625430
_c5625430
100 _a20031121d1986 |||y0rusy50 ca
101 0 _arus
102 _aRU
105 _aa |||||||||
200 1 _aФизические свойства и фазовый состав тонких пленок твердого электролита Cu₄RbCl₃₊xI₂₋х и халькогенидов меди
_fА.Г. Абдуллаев, Х.А. Алиев, А.М. Карнаухов
210 _aБаку
_cБ. и.
_d1986
215 _a24 с.
_cил.
_d20
225 1 _aПрепринт
_fАН АзССР, Ин-т физики
_v№ 171
300 _aРез. на англ. яз.
320 _aБиблиогр.: с. 22-24
700 1 _aАбдуллаев
_bА.Г. оглы
_gАйдын Гасан оглы
701 1 _aАлиев
_bХ.А.
701 1 _aКарнаухов
_bА.М.
_gАлександр Михайлович
801 0 _aRU
_bNLR
_gpsbo
801 1 _aRU
_bELAR
_2rusmarc
852 _aNLR
_j87-4/11920
942 _cBOOK
980 _aNB